[Event "GER-chT Christmas U20"]
[Site "Playchess.com INT"]
[Date "2020.12.29"]
[Round "4.4"]
[White "Hoffmann, Tom"]
[Black "Chernykh, Arkady"]
[Result "1/2-1/2"]
[WhiteElo "1296"]
[BlackElo "2125"]
[PlyCount "133"]
[EventDate "2020.12.29"]
[EventType "team-swiss (blitz)"]
[EventRounds "7"]
[EventCountry "GER"]
[SourceTitle "CBM 200 Extra"]
[Source "ChessBase"]
[SourceDate "2021.03.31"]
[SourceVersion "1"]
[SourceVersionDate "2021.03.31"]
[SourceQuality "1"]
[WhiteTeam "Kastellaun"]
[BlackTeam "Baden-Baden"]
[WhiteTeamCountry "GER"]
[BlackTeamCountry "GER"]

1. Nf3 Nf6 2. g3 g6 3. Bg2 Bg7 4. d4 0-0 5. c4 c6 6. Nc3 d5 7. cxd5 cxd5 8. 0-0 Nc6 9. Bf4 a6 10. Ne5 Bf5 11. e3 Rc8 12. Qb3 Na5 13. Qb4 Ne4 14. Nxe4 Bxe4 15. Bxe4 dxe4 16. Rac1 Qd5 17. Qxe7 Qxa2 18. Rxc8 Rxc8 19. b4 Bxe5 20. Bxe5 Nc6 21. Qxb7 Qe6 22. d5 Nd8 23. dxe6 Nxb7 24. e7 f5 25. Rd1 Kf7 26. Rd7 Ke6 27. Rxb7 Kxe5 28. Rb6 Re8 29. Rxa6 Rxe7 30. Kh1 Rb7 31. Ra4 Kd5 32. Kg2 Kc4 33. h3 Kb3 34. Ra8 Kxb4 35. g4 Rf7 36. Kg3 Kc4 37. Rd8 Kc5 38. gxf5 Rxf5 39. Rd7 h5 40. Rg7 g5 41. Rh7 Rf3+ 42. Kg2 h4 43. Rd7 Rf5 44. Rd4 Re5 45. f3 exf3+ 46. Kxf3 Kc6 47. Re4 Rb5 48. Kg4 Kd5 49. Rd4+ Ke6 50. Kh5 Kf6 51. Rg4 Re5 52. e4 Ra5 53. Kh6 Ra8 54. e5+ Kxe5 55. Rxg5+ Kf6 56. Kh5 Rh8+ 57. Kg4 Rh6 58. Rh5 Rxh5 59. Kxh5 Kg7 60. Kxh4 Kh8 61. Kg5 Kg8 62. Kg6 Kh8 63. h4 Kg8 64. h5 Kh8 65. h6 Kg8 66. h7+ Kh8 67. Kh6 1/2-1/2

[Event "Pfalz op 10th"]
[Site "Neustadt an der Weinstrasse"]
[Date "2019.03.05"]
[Round "9"]
[White "Chernykh, Arkady"]
[Black "Becker, Dirk"]
[Result "0-1"]
[WhiteElo "2111"]
[BlackElo "2226"]
[PlyCount "128"]
[EventDate "2019.03.01"]
[EventType "swiss"]
[EventRounds "9"]
[EventCountry "GER"]
[SourceTitle "CBM 189 Extra"]
[Source "ChessBase"]
[SourceDate "2019.06.03"]
[SourceVersion "1"]
[SourceVersionDate "2019.06.03"]
[SourceQuality "1"]

1. d4 Nf6 2. c4 e6 3. Nc3 Bb4 4. Qc2 b6 5. Nf3 Bb7 6. Bg5 h6 7. Bxf6 Qxf6 8. a3 Bxc3+ 9. Qxc3 c5 10. e3 Bxf3 11. gxf3 cxd4 12. exd4 Nc6 13. 0-0-0 Rc8 14. Kb1 0-0 15. Rg1 d5 16. Qe3 Ne7 17. b3 Rfd8 18. Qe5 Qxe5 19. dxe5 Kf8 20. Kb2 a5 21. cxd5 Rxd5 22. Rxd5 Nxd5 23. Rg4 f6 24. exf6 Nxf6 25. Rd4 Ke7 26. b4 axb4 27. axb4 Nd5 28. Bd3 Kd6 29. Rg4 Rc7 30. h4 Rf7 31. Be4 Ke5 32. Bxd5 exd5 33. Rg3 Kd4 34. Kb3 b5 35. h5 Rf4 36. Rxg7 Rxf3+ 37. Kc2 Rxf2+ 38. Kd1 Rh2 39. Rc7 Kd3 40. Kc1 Rxh5 41. Rc5 Rh1+ 42. Kb2 d4 43. Rxb5 Kc4 44. Rb8 Rh2+ 45. Ka3 Rh3+ 46. Ka4 d3 47. Rc8+ Kd4 48. Kb3 Rh1 49. Rd8+ Ke3 50. Re8+ Kd2 51. b5 Rb1+ 52. Ka4 Kc3 53. Rc8+ Kd4 54. Rd8+ Ke3 55. Re8+ Kf2 56. Rf8+ Ke2 57. Re8+ Kd1 58. Rh8 d2 59. Rxh6 Kc2 60. Rc6+ Kd3 61. Ka5 d1Q 62. Rd6+ Kc4 63. Rxd1 Rxd1 64. b6 Ra1# 0-1

[Event "Wiesbaden op 30th"]
[Site "Wiesbaden"]
[Date "2018.08.26"]
[Round "7"]
[White "Chernykh, Arkady"]
[Black "Gundlach, Michael"]
[Result "1/2-1/2"]
[WhiteElo "1928"]
[BlackElo "2132"]
[PlyCount "36"]
[EventDate "2018.08.23"]
[EventType "swiss"]
[EventRounds "7"]
[EventCountry "GER"]
[SourceTitle "CBM 186 Extra"]
[Source "ChessBase"]
[SourceDate "2018.08.24"]
[SourceVersion "1"]
[SourceVersionDate "2018.08.24"]
[SourceQuality "1"]

1. d4 d6 2. c4 e5 3. dxe5 dxe5 4. Qxd8+ Kxd8 5. Nc3 Be6 6. e3 Nd7 7. Nf3 f6 8. Be2 c6 9. 0-0 a5 10. Na4 Kc7 11. Bd2 Nc5 12. Nxc5 Bxc5 13. b3 Nh6 14. a3 Be7 15. b4 axb4 16. axb4 Rhd8 17. Bc3 Nf7 18. Nd2 b6 1/2-1/2

[Event "Zirndorf Cup"]
[Site "Zirndorf"]
[Date "2017.09.02"]
[Round "5"]
[White "Ostergaard, Jens"]
[Black "Chernykh, Arkady"]
[Result "1-0"]
[WhiteElo "2241"]
[BlackElo "1983"]
[PlyCount "101"]
[EventDate "2017.08.30"]
[EventType "swiss"]
[EventRounds "7"]
[EventCountry "GER"]
[SourceTitle "CBM 180 Extra"]
[Source "ChessBase"]
[SourceDate "2017.10.06"]
[SourceVersion "1"]
[SourceVersionDate "2017.10.06"]
[SourceQuality "1"]

1. d4 Nf6 2. Nf3 g6 3. c4 Bg7 4. Nc3 d6 5. e4 0-0 6. Be2 e5 7. 0-0 Nc6 8. Be3 exd4 9. Nxd4 Bd7 10. f3 Re8 11. Qd2 Qe7 12. Rac1 Rad8 13. Ndb5 Rc8 14. Nd5 Qd8 15. Rfd1 Re6 16. c5 Ne8 17. cxd6 Nxd6 18. Ndxc7 Rxc7 19. Nxd6 Nd4 20. Nc4 Nxe2+ 21. Qxe2 b5 22. Na3 Rxc1 23. Bxc1 Qe7 24. Qd3 Be8 25. Nc2 Be5 26. Ne3 Qc7 27. g3 Rd6 28. Nd5 Qd8 29. f4 Bg7 30. Nf6+ Bxf6 31. Qxd6 Qxd6 32. Rxd6 Be7 33. Rd3 Bc6 34. e5 Kf8 35. Be3 a5 36. Rc3 Bd5 37. Rc8+ Kg7 38. a3 b4 39. axb4 Bxb4 40. Kf2 a4 41. Bc5 Be6 42. Rc7 Bxc5+ 43. Rxc5 Kh6 44. Ra5 Bb3 45. Ke3 g5 46. fxg5+ Kxg5 47. e6+ Kf6 48. exf7 Kxf7 49. Kd4 Kg6 50. Kc3 h5 51. Kb4 1-0

[Event "Zirndorf Cup"]
[Site "Zirndorf"]
[Date "2017.08.31"]
[Round "2"]
[White "Chernykh, Arkady"]
[Black "Kveinys, Aloyzas"]
[Result "0-1"]
[WhiteElo "1983"]
[BlackElo "2548"]
[PlyCount "62"]
[EventDate "2017.08.30"]
[EventType "swiss"]
[EventRounds "7"]
[EventCountry "GER"]
[SourceTitle "CBM 180 Extra"]
[Source "ChessBase"]
[SourceDate "2017.10.06"]
[SourceVersion "1"]
[SourceVersionDate "2017.10.06"]
[SourceQuality "1"]

1. d4 Nf6 2. Nf3 c5 3. d5 b5 4. a4 b4 5. c4 g6 6. b3 Bg7 7. Bb2 0-0 8. g3 e6 9. Bg2 exd5 10. cxd5 Bb7 11. 0-0 d6 12. Ra2 Nbd7 13. Ng5 Re8 14. Ne6 fxe6 15. dxe6 Bxg2 16. exd7 Qxd7 17. Kxg2 Qc6+ 18. Kg1 d5 19. Nd2 c4 20. Bxf6 Bxf6 21. e4 c3 22. exd5 Qxd5 23. Nc4 Rad8 24. Qxd5+ Rxd5 25. a5 Rd4 26. Ne3 Ree4 27. Nc2 Rd2 28. Rfa1 Ree2 29. Nxb4 c2 30. Rf1 Rxf2 31. Rxc2 Rg2+ 0-1

[Event "Baden-ch op"]
[Site "Walldorf"]
[Date "2017.07.28"]
[Round "3"]
[White "Gharieb, Andre"]
[Black "Chernykh, Arkady"]
[Result "1/2-1/2"]
[WhiteElo "2000"]
[BlackElo "1983"]
[PlyCount "47"]
[EventDate "2017.07.26"]
[EventType "swiss"]
[EventRounds "7"]
[EventCountry "GER"]
[SourceTitle "CBM 179 Extra"]
[Source "ChessBase"]
[SourceDate "2017.08.23"]
[SourceVersion "1"]
[SourceVersionDate "2017.08.23"]
[SourceQuality "1"]

1. d4 Nf6 2. Bf4 g6 3. e3 Bg7 4. Nf3 0-0 5. c3 d6 6. h3 c5 7. Be2 a6 8. b4 cxd4 9. exd4 Nfd7 10. 0-0 e5 11. dxe5 dxe5 12. Be3 Nc6 13. Na3 Qe7 14. Nc4 Rd8 15. Nd6 Nf6 16. Nxc8 Raxc8 17. Qb3 e4 18. Nd4 Nd5 19. Nxc6 Rxc6 20. Rad1 Nxe3 21. Rxd8+ Qxd8 22. fxe3 Qc7 23. Qd5 Bh6 24. Qxe4 1/2-1/2

[Event "Wiesbaden op 28th"]
[Site "Wiesbaden"]
[Date "2016.08.28"]
[Round "7"]
[White "Flach, Erich"]
[Black "Chernykh, Arkady"]
[Result "1/2-1/2"]
[WhiteElo "2073"]
[BlackElo "1900"]
[PlyCount "61"]
[EventDate "2016.08.25"]
[EventType "swiss"]
[EventRounds "7"]
[EventCountry "GER"]
[SourceTitle "CBM 174 Extra"]
[Source "ChessBase"]
[SourceDate "2016.10.10"]
[SourceVersion "1"]
[SourceVersionDate "2016.10.10"]
[SourceQuality "1"]

1. d4 Nf6 2. c4 g6 3. Nc3 Bg7 4. e4 d6 5. Nf3 0-0 6. Be2 e5 7. 0-0 Nc6 8. Be3 Nd7 9. Qd2 exd4 10. Nxd4 Nxd4 11. Bxd4 Bxd4 12. Qxd4 Qf6 13. Rad1 Qxd4 14. Rxd4 Nf6 15. Nd5 Nxd5 16. cxd5 Bd7 17. Rc1 Rac8 18. Rc3 c5 19. dxc6 Rxc6 20. Rxc6 Bxc6 21. Bc4 Rd8 22. f3 Kf8 23. Kf2 Ke7 24. Ke3 Bd7 25. Bd5 Be6 26. Rd2 Bxd5 27. Rxd5 Rc8 28. Kd2 Rc5 29. Kd3 Ke6 30. Rd4 h6 31. b4 1/2-1/2

[Event "GER-chT U12"]
[Site "Verden"]
[Date "2014.12.27"]
[Round "1.1"]
[White "Chernykh, Arkady"]
[Black "Lieberwirth, Kasimir"]
[Result "0-1"]
[WhiteElo "1426"]
[BlackElo "1546"]
[PlyCount "81"]
[EventDate "2014.12.27"]
[EventType "team-swiss"]
[EventRounds "7"]
[EventCountry "GER"]
[SourceTitle "EXT 2016"]
[Source "ChessBase"]
[SourceDate "2015.10.08"]
[SourceVersion "1"]
[SourceVersionDate "2015.10.08"]
[SourceQuality "1"]
[WhiteTeam "Karlsruhe"]
[BlackTeam "Leipzig Turm"]
[WhiteTeamCountry "GER"]
[BlackTeamCountry "GER"]

1. d4 Nf6 2. Nf3 g6 3. c4 c5 4. e3 Bg7 5. Nc3 Na6 6. Bd2 d6 7. a3 0-0 8. Bd3 Bd7 9. Qc2 Rb8 10. 0-0 Qc7 11. Nb5 Qb6 12. Bc3 Bxb5 13. cxb5 Nc7 14. a4 Ncd5 15. e4 Nf4 16. Qd2 Nxd3 17. Qxd3 c4 18. Qe2 Rbc8 19. Rfe1 d5 20. e5 Ne4 21. Nd2 Nxd2 22. Qxd2 a6 23. bxa6 bxa6 24. Bb4 Rfe8 25. Bc5 Qc6 26. Qc3 Rb8 27. Ra3 Qb7 28. Rb1 Rec8 29. f4 g5 30. g3 gxf4 31. gxf4 Qc6 32. Kf2 Qh6 33. Qg3 e6 34. b4 Kh8 35. Rf3 Rg8 36. Be7 Bxe5 37. dxe5 Rxg3 38. Rxg3 Qxf4+ 39. Rf3 Qxh2+ 40. Ke3 Qxe5+ 41. Kf2 0-1

[Event "GER-chT U12"]
[Site "Verden"]
[Date "2012.12.28"]
[Round "3.3"]
[White "Triantafillidis, Simeon"]
[Black "Chernykh, Arkady"]
[Result "1-0"]
[WhiteElo "1219"]
[BlackElo "1192"]
[PlyCount "61"]
[EventDate "2012.12.27"]
[EventType "team-swiss"]
[EventRounds "7"]
[EventCountry "GER"]
[SourceTitle "EXT 2014"]
[Source "ChessBase"]
[SourceDate "2013.11.20"]
[SourceVersion "1"]
[SourceVersionDate "2013.11.20"]
[SourceQuality "1"]
[WhiteTeam "Biberach"]
[BlackTeam "Karlsruhe 1853"]
[WhiteTeamCountry "GER"]
[BlackTeamCountry "GER"]

1. e4 e5 2. Nf3 Nc6 3. Bc4 Bc5 4. b4 Bxb4 5. c3 Be7 6. d4 exd4 7. 0-0 h6 8. Bf4 Bg5 9. Bg3 d6 10. cxd4 f5 11. Qe2 fxe4 12. Qxe4+ Qe7 13. Qg6+ Kf8 14. Re1 Qd7 15. Be6 Qxe6 16. Rxe6 Bxe6 17. Qxe6 Re8 18. Qf5+ Nf6 19. Nc3 Kf7 20. Nxg5+ hxg5 21. Qd3 Re7 22. Qc4+ Kg6 23. h3 Rh6 24. d5 Na5 25. Qb4 b6 26. Rd1 c5 27. dxc6 Nxc6 28. Qb5 Nd8 29. Bxd6 Ne4 30. Bxe7 Nxc3 31. Qd3+ 1-0

[Event "GER-chT U12"]
[Site "Verden"]
[Date "2012.12.27"]
[Round "1.3"]
[White "Niemann, Alexander"]
[Black "Chernykh, Arkady"]
[Result "1-0"]
[WhiteElo "1458"]
[BlackElo "1192"]
[PlyCount "65"]
[EventDate "2012.12.27"]
[EventType "team-swiss"]
[EventRounds "7"]
[EventCountry "GER"]
[SourceTitle "EXT 2014"]
[Source "ChessBase"]
[SourceDate "2013.11.20"]
[SourceVersion "1"]
[SourceVersionDate "2013.11.20"]
[SourceQuality "1"]
[WhiteTeam "Magdeburg Aufbau Elbe"]
[BlackTeam "Karlsruhe 1853"]
[WhiteTeamCountry "GER"]
[BlackTeamCountry "GER"]

1. e4 e5 2. Nf3 Nc6 3. Bc4 Bc5 4. 0-0 Nf6 5. d4 exd4 6. e5 Ne4 7. Re1 d5 8. exd6 Bf5 9. Ng5 Bxd6 10. Nxe4 Bxe4 11. Rxe4+ Kf8 12. Qf3 Qd7 13. Be6 Qe7 14. Bg5 f6 15. Bd5 Qd8 16. Qh5 Bxh2+ 17. Kxh2 Qxd5 18. Rf4 Qe5 19. g3 h6 20. Kg2 Qxg5 21. Qf3 Rd8 22. Nd2 Ne5 23. Qa3+ Kf7 24. Ne4 Qh5 25. Qb3+ Ke7 26. Qxb7 Rd7 27. Rh1 Qe2 28. Nc5 Rdd8 29. Qxc7+ Nd7 30. Re4+ Qxe4+ 31. Nxe4 Rc8 32. Qd6+ Kf7 33. Qxd7+ 1-0